| 000 | 00822nam a2200241Ia 4500 | ||
|---|---|---|---|
| 003 | OSt | ||
| 005 | 20220923225533.0 | ||
| 006 | a|||||r|||| 00| 0 | ||
| 007 | ta | ||
| 008 | 220922b |||||||| |||| 00| 0 urd d | ||
| 024 | _a270,623 | ||
| 037 | _cTextual | ||
| 040 |
_aARTS _cARTS _burd |
||
| 041 |
_2urd _aurd |
||
| 082 | _aO168,3N15w, 152N2 | ||
| 100 | _aअलवी, वारिस | ||
| 245 | 0 | _aराजिन्दर सिंह बेदी, अनु सत्यदेव चौधरी | |
| 246 | _aRājindar sianha bedī, anu satyadev chaudharī | ||
| 260 |
_aनई दिल्ली _b साहित्य अकादेमी _c1992 |
||
| 300 |
_a77पृ0 _ccm. |
||
| 942 |
_hO168,3N15w, 152N2 _cTEXL _2CC |
||
| 999 |
_c378927 _d378927 |
||